000 00341 a2200157 4500
001 59772
020 _a9783570126790
040 _cAnchieta - Pituba
100 _aBrashares, Ann
240 1 0 _aEine für vier
_lpor
245 1 0 _aEine für vier
300 _a320
362 0 _a2002
650 4 _aLiteratura juvenil em alemão
942 _cBK
999 _c59772
_d59772